Alle Spieler des MSV Duisburg seit 2020 - Statistiken

Allgemein
  • Dieses Quiz wurde 58 mal gespielt
    44 seit der letzten Aktualisierung
  • Das Durchschnittsergebnis liegt bei 46 aus 101
Antwortstatistiken
Position Einsätze Tore Spieler % Korrekt
Torwart 43 0 Maximilian Braune
100%
Verteidiger 139 5 Tobias Fleckstein
92%
Verteidiger 33 6 Alexander Hahn
88%
Mittelfeld 63 2 Caspar Jander
88%
Verteidiger 137 4 Joshua Bitter
88%
Mittelfeld 196 65 Moritz Stoppelkamp
88%
Mittelfeld 30 6 Jan-Simon Symalla
84%
Mittelfeld 20 1 Leon Müller
80%
Stürmer 30 10 Malek Fakhro
80%
Stürmer 34 16 Patrick Sussek
80%
Stürmer 28 3 Robin Müller
80%
Verteidiger 46 5 Sebastian Mai
80%
Torwart 67 1 Vincent Müller
80%
Mittelfeld 33 0 Florian Egerer
76%
Stürmer 21 2 Gerrit Wegkamp
76%
Torwart 0 0 Julius Paris
72%
Torwart 115 0 Leo Weinkauf
72%
Verteidiger 30 1 Can Coskun
68%
Mittelfeld 31 9 Jakob Bookjans
68%
Mittelfeld 64 4 Jonas Michelbrink
68%
Stürmer 67 8 Julian Hettwer
68%
Mittelfeld 32 11 Steffen Meuer
68%
Stürmer 33 6 Alexander Esswein
64%
Verteidiger 22 1 Mert Göckan
64%
Verteidiger 24 1 Moritz Montag
64%
Stürmer 13 6 Thilo Töpken
64%
Stürmer 14 2 Daniel Ginczek
60%
Mittelfeld 56 14 Lukas Daschner
60%
Mittelfeld 11 3 Maximilian Dittgen
60%
Verteidiger 57 10 Niklas Kölle
60%
Mittelfeld 167 18 Ahmet Engin
56%
Verteidiger 63 3 Marvin Knoll
56%
Stürmer 29 1 Thomas Pledl
56%
Stürmer 78 21 Aziz Bouhaddouz
52%
Stürmer 2 2 Jannik Zahmel
52%
Mittelfeld 24 1 Jesse Tugbenyo
52%
Mittelfeld 91 14 Kolja Pusch
52%
Mittelfeld 74 3 Marvin Bakalorz
52%
Mittelfeld 33 2 Santiago Castaneda
52%
Stürmer 61 24 Vincent Vermeij
52%
Mittelfeld 97 4 Marlon Frey
48%
Verteidiger 129 4 Rolf Feltscher
48%
Mittelfeld 35 4 Yassin Ben Balla
48%
Verteidiger 44 0 Baran Mogultay
44%
Mittelfeld 51 2 Connor Krempicki
44%
Stürmer 7 2 Dustin Willms
44%
Verteidiger 8 3 Franko Uzelac
44%
Mittelfeld 0 0 Gabriel Sadlek
44%
Stürmer 59 6 Leroy-Jacques Mickels
44%
Verteidiger 48 1 Marvin Senger
44%
Verteidiger 76 0 Vincent Gembalies
44%
Mittelfeld 68 9 Alaa Bakir
40%
Verteidiger 68 2 Arne Sicker
40%
Mittelfeld 30 1 Arnold Budimbu
40%
Torwart 1 0 Dennis Smarsch
40%
Verteidiger 28 1 Dominik Schmidt
40%
Mittelfeld 75 6 Marvin Ajani
40%
Verteidiger 33 1 Maximilian Sauer
40%
Mittelfeld 88 3 Niclas Stierlin
40%
Stürmer 69 20 Orhan Ademi
40%
Torwart 2 0 Steven Deana
40%
Mittelfeld 28 3 Wilson Kamavuaka
40%
Torwart 4 0 Kevin Kunz
36%
Verteidiger 42 0 Leroy Kwadwo
36%
Torwart 2 0 Lukas Raeder
36%
Stürmer 9 2 Pascal Köpke
36%
Mittelfeld 164 9 Tim Albutat
36%
Stürmer 39 3 Chinedu Ekene
32%
Stürmer 5 1 Jihad Boutakhrit
32%
Mittelfeld 13 1 Kilian Pagliuca
32%
Verteidiger 25 1 Marvin Compper
32%
Verteidiger 22 0 Stefan Velkov
32%
Mittelfeld 30 1 Tim Köther
32%
Verteidiger 2 0 Batuhan Yavuz
28%
Verteidiger 17 0 Dominic Volkmer
28%
Stürmer 13 3 Federico Palacios
28%
Torwart 0 0 Fotis Adamidis
28%
Verteidiger 40 1 Niko Bretschneider
28%
Stürmer 36 7 Sinan Karweina
28%
Torwart 10 0 Jo Coppens
24%
Torwart 1 0 Jonas Brendieck
24%
Stürmer 12 1 Luis Hartwig
24%
Mittelfeld 45 1 Maximilian Jansen
24%
Verteidiger 26 1 Oliver Steurer
24%
Stürmer 28 0 Phillip König
24%
Mittelfeld 10 0 Erik Zenga
20%
Mittelfeld 14 0 Hamza Anhari
20%
Stürmer 20 2 John Yeboah
20%
Verteidiger 38 0 Lukas Boeder
20%
Mittelfeld 53 5 Lukas Scepanik
20%
Mittelfeld 7 0 Mirnes Pepic
20%
Mittelfeld 4 1 Rudolf Ndualu
20%
Mittelfeld 33 2 Darius Ghindovean
16%
Mittelfeld 19 3 David Tomic
16%
Stürmer 6 0 Kaan Inanoglu
16%
Verteidiger 10 0 Migel-Max Schmeling
12%
Stürmer 6 1 Gordon Wild
8%
Stürmer 28 4 Petar Slišković
8%
Verteidiger 10 0 Sebastian Neumann
8%
Verteidiger 6 0 Florian Brügmann
4%
Verteidiger 9 0 Matthias Rahn
4%
Keine übereinstimmenden Quizze gefunden
Verteilung der Resultate
Anzahl Personen mit jedem Resultat
Perzentil nach korrekt beantworteten Fragen
Ihre Resultats-Entwicklung
Sie haben dieses Quiz seit der letzten Aktualisierung nicht gespielt